000 nam a22 7a 4500
999 _c10272
_d10272
008 180213b ||||| |||| 00| 0 eng d
100 _aKhanna, A c
_96250
245 _aEnglish grammer. com - III
260 _aNew Delhi
_c2012